The CISSP Prep Guide Mastering the CISSP and ISSEP Exams (Record no. 5650)

MARC details
000 -LEADER
fixed length control field 00562nam a2200181Ia 4500
003 - CONTROL NUMBER IDENTIFIER
control field SGT
020 ## - INTERNATIONAL STANDARD BOOK NUMBER
International Standard Book Number 8126505192
082 ## - DEWEY DECIMAL CLASSIFICATION NUMBER
Classification number 4.8
Item number KRU
100 ## - MAIN ENTRY--PERSONAL NAME
Personal name Krutz, Ronald L.
245 #4 - TITLE STATEMENT
Title The CISSP Prep Guide Mastering the CISSP and ISSEP Exams
250 ## - EDITION STATEMENT
Edition statement 2nd . Ed.
260 ## - PUBLICATION, DISTRIBUTION, ETC. (IMPRINT)
Name of publisher, distributor, etc Wiley India Pvt. Ltd.
Place of publication, distribution, etc N.Delhi
Year of Publication 2004
300 ## - PAGE DESCRIPTION
No. of Pages 1024p.
650 ## - SUBJECT ADDED ENTRY--TOPICAL TERM
Topical term or geographic name as entry element COMPUTER SCIENCE
653 ## - KEYWORDS--INDEX TERM
Keyword term SECURITY MANAGEMENT PRACTICES,ACCESS CONTROL SYSTEMS,CRYPTOGRAPHY,APPLICATION AND SYSTEMS DEVELOPMENT,OPERATIONS SECURITY
700 ## - ADDED ENTRY--PERSONAL NAME
Personal name Vines, Russell Dean
942 ## - ADDED ENTRY ELEMENTS (KOHA)
Source of classification or shelving scheme Dewey Decimal Classification
Koha item type Books
Holdings
Withdrawn status Lost status Source of classification or shelving scheme Damaged status Not for loan Home library Current library Date acquired SGTU Total Checkouts Full call number Accession No. (Barcode) Date last seen Bill Date Koha item type
    Dewey Decimal Classification     SGT Engineering Library SGT Engineering Library 17/09/2013 SGTU   4.8 KRU FE6211 09/02/2015 09/02/2015 Books